Metódy výskumu

Metódy použité pri výskume existencie finančného vylúčenia mladých ľudí.

Gespeichert in:
Bibliographische Detailangaben
1. Verfasser: Střelecká, Zdenka
Weitere Verfasser: Dudáková, Nina
Format: Buchkapitel
Sprache:Slowakisch
Schlagworte:
Tags: Tag hinzufügen
Keine Tags, Fügen Sie das erste Tag hinzu!

MARC

LEADER 00000naa$a2200000$$$4500
001 0149978
005 20240716095020.4
041 0 |a slo 
044 |a SK 
245 1 0 |a Metódy výskumu  |c Zdenka Střelecká, Nina Dudáková 
520 |a Metódy použité pri výskume existencie finančného vylúčenia mladých ľudí. 
610 2 0 |a metódy 
610 2 0 |a dotazníky 
610 2 0 |a metódy matematicko-štatistické 
610 2 0 |a služby finančné 
610 2 0 |a mladiství 
100 1 |a Střelecká, Zdenka 
700 1 |a Dudáková, Nina